Marketing-Strategie:10 Stufen zum Erfolg /

Gespeichert in:
Bibliographische Detailangaben
1. Verfasser: Weissman, Arnold (Verfasst von)
Format: Buch
Sprache:Deutsch
Veröffentlicht: Landsberg : Verl.Moderne Industrie, 1991
Ausgabe:3.Auflage
Schlagworte:
Online-Zugang:OBSAH
Tags: Tag hinzufügen
Keine Tags, Fügen Sie das erste Tag hinzu!

MARC

LEADER 00000nam a22000003a 4500
001 stu38975
005 20150617225725.7
008 921209s1991----gw------------------ger-d
020 |a 3-478-21983-3 
040 |a STU  |b slo 
041 0 |a ger 
044 |a gw 
080 |a 658.8 
100 1 |a Weissman, Arnold  |4 aut 
245 1 |a Marketing-Strategie:10 Stufen zum Erfolg /  |c [aut.]Arnold Weissman 
250 |a 3.Auflage 
260 |a Landsberg :  |b Verl.Moderne Industrie,  |c 1991 
300 |a 259 s 
650 7 |a marketing  |2 estusub 
856 4 |a https://sweb.mtf.stuba.sk/obsahy/marketing_strategie_91.pdf  |u https://sweb.mtf.stuba.sk/obsahy/marketing_strategie_91.pdf  |3 OBSAH 
996 |b 284M038570  |c M*8193-1  |l MMKN  |s A  |a 24  |w stu38975_0001